| 000 | 02015nam1a2200313 4500 | ||
|---|---|---|---|
| 001 | RU\NLR\BIBL_A\022800333 | ||
| 005 | 20260517044215.0 | ||
| 010 | _a978-5-907807-67-9 | ||
| 035 | _a(NLR Aleph) 022800333 | ||
| 090 |
_a13707222 _c13707222 |
||
| 100 | _a20260517 rusy50 | ||
| 101 | 0 | _arus | |
| 102 | _aRU | ||
| 105 | _a j | ||
| 181 | 0 |
_ai _baxxe |
|
| 182 | 0 | _an | |
| 200 | 1 |
_aМатематический анализ _eучебное пособие _eдля обучающихся по направлениям подготовки 44.03.01 "Педагогическое образование" (профиль "Физика.Технология") и 44.03.05 "Педагогическое образование" (профиль "Информатика") _eв трёх частях _fО. Г. Никитина, Е. Г. Журавлева _gМинистерство науки и высшего образования Российской Федерации, Федеральное государственное бюджетное образовательное учреждение высшего образования "Пензенский государственный университет" (ПГУ) |
|
| 203 |
_aТекст _bвизуальный _cнепосредственный |
||
| 210 |
_aПенза _cИзд-во ПГУ _d2024- |
||
| 215 | _d21 | ||
| 606 | 1 |
_aМатематический анализ _jУчебные издания для высших учебных заведений _9963473 _3RU\NLR\AUTH\6641277 |
|
| 686 | 1 | _aВ161я73-1 | |
| 700 | 1 |
_7ca _8rus _aНикитина _bО. Г. _cканд. физ.-мат. наук _f1959- _gОльга Геннадьевна _985919 _3RU\NLR\AUTH\77102993 |
|
| 701 | 1 |
_aЖуравлева _bЕ. Г. _cканд. пед. наук _gЕкатерина Геннадьевна _9138532 _3RU\NLR\AUTH\770138567 |
|
| 852 |
_aNLR _j2026-3/10041 |
||
| 942 | _cBOOK | ||
| 980 | _aNB | ||